Normal view
MARC view
- الاردن-مادبا مكافحة الجراد 1930
Entry Topical Term
001 - CONTROL NUMBER
- control field: 15323
003 - CONTROL NUMBER IDENTIFIER
- control field: JO-AjAnu
005 - DATE AND TIME OF LATEST TRANSACTION
- control field: 20230606072738.0
008 - FIXED-LENGTH DATA ELEMENTS
- fixed length control field: 230606|| aca||aabn | a|a d
040 ## - CATALOGING SOURCE
- Original cataloging agency: JO-AjAnu
- Transcribing agency: JO-AjAnu
150 ## - HEADING--TOPICAL TERM
- Topical term or geographic name entry element: الاردن-مادبا مكافحة الجراد 1930
670 ## - SOURCE DATA FOUND
- Source citation: Work cat.: (JO-AjAnu)7867: تحقيق واعداد رفيع، محمد, author 15322, عام الجراد في مادبا 1930